| 000 | 00585nab a2200205 a 4500 | ||
|---|---|---|---|
| 005 | 20210219155143.0 | ||
| 008 | 991125s1985 mx 000 0 spa u | ||
| 035 | _aUPN01000139261 | ||
| 100 | 1 | _aBraslavsky, Cecilia | |
| 222 | _aPERSPECTIVAS | ||
| 245 | _aLa educación básica en el siglo XXI y los retos para la educación secundaria | ||
| 260 | _aParís, Francia | ||
| 300 | _a3-6 | ||
| 362 | 0 | _a2001 Vol. 31(1), no. 117, mar. | |
| 653 | 0 | _aEDUCACION SECUNDARIA | |
| 653 | 0 | _aEDUCACION BASICA | |
| 653 | 0 | _aSIGLO XXI | |
| 653 | 0 | _aCALIDAD EDUCATIVA | |
| 905 | _aArticulo | ||
| 999 |
_c111409 _d111409 |
||